[Event "9. Lichtenberger Sommer 2010"]
[Site "Berlin"]
[Date "2010.08.14"]
[Round "8.22"]
[White "Nötzel, Felix"]
[Black "Simon, Ralf-Axel"]
[Result "1-0"]
[WhiteElo "1966"]
[BlackElo "2206"]
[PlyCount "57"]
[EventDate "2010.??.??"]
[WhiteTeam "SC Borussia Friedrichsfelde 1920"]
[BlackTeam "TSG Neuruppin"]

1. e4 c5 2. Nf3 Nc6 3. d4 cxd4 4. Nxd4 Qb6 5. Nb3 Nf6 6. Nc3 e6 7. Be3 Qc7 8.
a3 d6 9. Be2 Be7 10. O-O b6 11. f4 Bb7 12. Bf3 Rd8 13. Qe1 Nd7 14. Rd1 O-O 15.
Qg3 a6 16. h4 Bf6 17. h5 Bxc3 18. bxc3 Ne7 19. Rd2 Nf6 20. h6 g6 21. Bd4 Nd7
22. Bg7 Rfe8 23. Rfd1 d5 24. Qg5 f5 25. Nd4 Nc5 26. Be5 Nxe4 27. Bxe4 Qxc3 28.
Qf6 Qe3+ 29. Kh1 1-0

[Event "9. Lichtenberger Sommer 2010"]
[Site "Berlin"]
[Date "2010.08.14"]
[Round "8.23"]
[White "Kurz, Christian"]
[Black "Muskewitz, Bernd"]
[Result "1-0"]
[WhiteElo "2133"]
[BlackElo "2017"]
[PlyCount "39"]
[EventDate "2010.??.??"]
[WhiteTeam "SC Bechhofen 1923 e.V."]
[BlackTeam "TSG Oberschöneweide e.V."]

1. e4 c5 2. Nf3 e6 3. d4 cxd4 4. Nxd4 a6 5. Nc3 Qc7 6. Bd3 Nc6 7. Nxc6 bxc6 8.
O-O Nf6 9. Qe2 Bb4 10. e5 Nd5 11. Na4 Qa5 12. c4 Ne7 13. b3 Ng6 14. f4 Bb7 15.
Be3 Qd8 16. Bb6 Qe7 17. c5 d6 18. cxd6 Bxd6 19. exd6 Qxd6 20. Bc5 1-0

[Event "9. Lichtenberger Sommer 2010"]
[Site "Berlin"]
[Date "2010.08.14"]
[Round "8.24"]
[White "Hahlbohm, Matthias"]
[Black "Hohn, August"]
[Result "0-1"]
[WhiteElo "2095"]
[BlackElo "2031"]
[PlyCount "56"]
[EventDate "2010.??.??"]
[WhiteTeam "TSG Oberschöneweide e.V."]
[BlackTeam "SC Zugzwang 95 e.V."]

1. e4 c6 2. d4 d5 3. e5 Bf5 4. Bd3 Bxd3 5. Qxd3 Qa5+ 6. c3 Qa6 7. Qd1 e6 8. Ne2
Ne7 9. O-O Nd7 10. b4 b6 11. a4 c5 12. Ng3 cxb4 13. cxb4 b5 14. Nc3 bxa4 15. b5
Qb7 16. Ba3 Rc8 17. Qd3 Rc4 18. Bd6 Nc8 19. Bxf8 Nxf8 20. Rxa4 Nb6 21. Ra3 Qc7
22. Nh5 g6 23. Nf6+ Ke7 24. Rfa1 Nfd7 25. Ne2 Nxe5 26. dxe5 Qxe5 27. Qf3 Rhc8
28. Ng4 Rc1+ 0-1

[Event "9. Lichtenberger Sommer 2010"]
[Site "Berlin"]
[Date "2010.08.14"]
[Round "8.25"]
[White "Bethe, Stephan"]
[Black "Ewald, Patrick"]
[Result "1-0"]
[WhiteElo "2162"]
[BlackElo "1890"]
[PlyCount "47"]
[EventDate "2010.??.??"]
[WhiteTeam "SC Kreuzberg e.V."]
[BlackTeam "vereinslos"]

1. e4 e6 2. d3 c5 3. Nf3 Nc6 4. g3 Nge7 5. Bg2 d6 6. Bg5 Rb8 7. O-O b5 8. c3
Ba6 9. Re1 Qc7 10. d4 cxd4 11. cxd4 f6 12. Be3 g6 13. d5 exd5 14. exd5 Nd8 15.
Nc3 Kf7 16. Rc1 Qd7 17. Ne4 Bg7 18. Bf4 Nb7 19. Bh3 Qd8 20. Nfg5+ fxg5 21.
Nxg5+ Kg8 22. Qe2 Nc5 23. b4 Nxd5 24. Be6+ 1-0

[Event "9. Lichtenberger Sommer 2010"]
[Site "Berlin"]
[Date "2010.08.14"]
[Round "8.26"]
[White "Schmidt, Jürgen"]
[Black "Kalinitschew, Sergey"]
[Result "0-1"]
[WhiteElo "2017"]
[BlackElo "2462"]
[PlyCount "40"]
[EventDate "2010.??.??"]
[WhiteTeam "SC Kreuzberg e.V."]
[BlackTeam "SC Kreuzberg e.V."]

1. e4 c5 2. Nf3 Nc6 3. Nc3 g6 4. d4 cxd4 5. Nxd4 Bg7 6. Be3 Nf6 7. f3 O-O 8.
Qd2 d5 9. Nxc6 bxc6 10. exd5 cxd5 11. Rd1 Bb7 12. Bh6 e5 13. Bxg7 Kxg7 14. Be2
d4 15. Na4 Nd5 16. h4 Ne3 17. h5 Qg5 18. g4 Qf4 19. Kf2 Nxg4+ 20. Kg2 Ne3+ 0-1

[Event "9. Lichtenberger Sommer 2010"]
[Site "Berlin"]
[Date "2010.08.14"]
[Round "8.27"]
[White "Barwich, Andreas"]
[Black "Vogel, Robert"]
[Result "0-1"]
[WhiteElo "1905"]
[BlackElo "2284"]
[PlyCount "108"]
[EventDate "2010.??.??"]
[WhiteTeam "SV Berolina Mitte e.V."]
[BlackTeam "SGem Pang/Rosenheim"]

1. Nf3 g6 2. c4 Bg7 3. Nc3 e5 4. d3 d6 5. g3 Nc6 6. Bg2 Nf6 7. O-O h6 8. a3 Be6
9. Rb1 Qd7 10. Re1 Bh3 11. Bh1 O-O 12. b4 Ng4 13. Nd5 Rae8 14. e4 f5 15. b5 Nd8
16. Nh4 fxe4 17. Bxe4 Nxf2 18. Qe2 Nxe4 19. Qxe4 g5 20. Ng2 Ne6 21. Nde3 Nc5
22. Qg6 Rf6 23. Qh5 Nxd3 24. Re2 Ref8 25. Bd2 c6 26. g4 Bxg2 27. Nxg2 d5 28. h4
Qf7 29. Qxf7+ R8xf7 30. hxg5 hxg5 31. bxc6 bxc6 32. cxd5 cxd5 33. Rb8+ Bf8 34.
Ne3 Nf4 35. Rh2 Rb6 36. Rxb6 axb6 37. Nf5 Rh7 38. a4 Bc5+ 39. Be3 Rxh2 40. Kxh2
Bxe3 41. Nxe3 Kf7 42. Nf5 Ke6 43. Kg3 Kd7 44. Kf3 Kc6 45. Ke3 Kc5 46. Nh6 d4+
47. Ke4 d3 48. Nf5 Kb4 49. Kxe5 Kxa4 50. Kd4 Kb3 51. Ne3 d2 52. Ke4 Kc3 53. Kf5
Kd3 54. Nd1 Nh3 0-1

[Event "9. Lichtenberger Sommer 2010"]
[Site "Berlin"]
[Date "2010.08.14"]
[Round "8.28"]
[White "Meißner, Hans-Jürgen"]
[Black "Karpa, Adrian"]
[Result "1-0"]
[WhiteElo "2255"]
[BlackElo "1852"]
[PlyCount "83"]
[EventDate "2010.??.??"]
[WhiteTeam "SV Empor Berlin e.V."]
[BlackTeam "SK Landau"]

1. e4 c5 2. Nf3 d6 3. c4 Nc6 4. d4 cxd4 5. Nxd4 Nf6 6. Nc3 g6 7. Be2 Bg7 8. Be3
Bd7 9. O-O O-O 10. h3 a6 11. Re1 Nxd4 12. Bxd4 Qa5 13. Bf1 Bc6 14. Nd5 Bxd5 15.
exd5 Rfe8 16. a3 Nd7 17. b4 Qc7 18. Bxg7 Kxg7 19. Qd4+ Kg8 20. Rac1 Rac8 21.
Rc3 Qb8 22. Qh4 Nf6 23. Rce3 Qc7 24. Qd4 Qd7 25. Qb6 Qc7 26. Qd4 Qd7 27. a4 Qc7
28. a5 Qd8 29. Bd3 Qd7 30. Bc2 Rc7 31. Bb3 Kg7 32. g4 h6 33. f4 Kg8 34. R1e2
Kh7 35. Kh2 Qc8 36. Rf3 Rf8 37. g5 hxg5 38. fxg5 Nh5 39. Qg4 Qb8 40. Ref2 Kg8
41. Bc2 Rcc8 42. Rxf7 1-0

[Event "9. Lichtenberger Sommer 2010"]
[Site "Berlin"]
[Date "2010.08.14"]
[Round "8.29"]
[White "Heuer, Thomas"]
[Black "Strobel, Norbert"]
[Result "1/2-1/2"]
[WhiteElo "2152"]
[BlackElo "1986"]
[PlyCount "31"]
[EventDate "2010.??.??"]
[WhiteTeam "TSG Neuruppin"]
[BlackTeam "SK Zirndorf e.V."]

1. d4 d5 2. Nf3 Nf6 3. c4 e6 4. Nc3 b6 5. Bg5 Be7 6. e3 h6 7. Bh4 O-O 8. Be2
Bb7 9. O-O Nbd7 10. Rc1 c5 11. cxd5 Nxd5 12. Bxe7 Qxe7 13. Nxd5 Bxd5 14. Qa4
Rfc8 15. Rfd1 Rc7 16. dxc5 1/2-1/2

[Event "9. Lichtenberger Sommer 2010"]
[Site "Berlin"]
[Date "2010.08.14"]
[Round "8.30"]
[White "Welz, Peter"]
[Black "Penner, Markus"]
[Result "0-1"]
[WhiteElo "2162"]
[BlackElo "1921"]
[PlyCount "50"]
[EventDate "2010.??.??"]
[WhiteTeam "SV Empor Berlin e.V."]
[BlackTeam "SK Zehlendorf e.V."]

1. e4 e5 2. Nf3 Nc6 3. d4 exd4 4. Nxd4 Bc5 5. Nb3 Bb6 6. a4 a6 7. Nc3 Nf6 8.
Bg5 d6 9. Bd3 Be6 10. Nd5 Bxd5 11. exd5 Qe7+ 12. Qe2 Qxe2+ 13. Bxe2 Nxd5 14. a5
Ba7 15. O-O O-O 16. c4 Nde7 17. Rfe1 Nf5 18. Bf1 h6 19. Bd2 Rfe8 20. Rab1 Nfd4
21. Nxd4 Nxd4 22. Red1 Ne2+ 23. Kh1 Bxf2 24. b4 Re5 25. b5 Ng3+ 0-1

[Event "9. Lichtenberger Sommer 2010"]
[Site "Berlin"]
[Date "2010.08.14"]
[Round "8.31"]
[White "Elsing, Jan"]
[Black "Jachym, Adam"]
[Result "1-0"]
[WhiteElo "2140"]
[BlackElo "1835"]
[PlyCount "63"]
[EventDate "2010.??.??"]
[WhiteTeam "SC Friesen Lichtenberg e.V."]
[BlackTeam "OKSZ Spolem Opole"]

1. e4 e5 2. Nf3 Nc6 3. Bb5 Nf6 4. O-O Nxe4 5. d4 Nd6 6. Bxc6 dxc6 7. dxe5 Nf5
8. Qxd8+ Kxd8 9. Nc3 Ne7 10. Rd1+ Ke8 11. h3 h6 12. Bf4 Ng6 13. Bh2 Bd7 14. Nd2
Rd8 15. Nde4 Be7 16. Rd3 Bf5 17. Rxd8+ Kxd8 18. g4 Bd7 19. f4 h5 20. f5 Nh4 21.
Bg3 hxg4 22. hxg4 Kc8 23. Kf2 Rh6 24. Bf4 Rh8 25. Rh1 Ng6 26. Rxh8+ Nxh8 27.
Kf3 g6 28. Ng3 Bh4 29. Nce4 b5 30. Bh6 c5 31. Bg7 Bc6 32. Kf4 1-0

[Event "9. Lichtenberger Sommer 2010"]
[Site "Berlin"]
[Date "2010.08.14"]
[Round "8.32"]
[White "Badestein, Hartmut"]
[Black "Bergmann, Jens"]
[Result "1/2-1/2"]
[WhiteElo "2159"]
[BlackElo "1949"]
[PlyCount "81"]
[EventDate "2010.??.??"]
[WhiteTeam "SC Friesen Lichtenberg e.V."]
[BlackTeam "SK Tempelhof 1931 e.V."]

1. e4 c6 2. d4 g6 3. Nf3 Bg7 4. Bd3 d6 5. h3 Nd7 6. O-O Ngf6 7. Qe2 e5 8. c3
O-O 9. Na3 Qc7 10. Be3 Rd8 11. dxe5 Nxe5 12. Nxe5 dxe5 13. Bg5 h6 14. Bxf6 Bxf6
15. Bc4 b5 16. Bb3 a6 17. Rad1 c5 18. Rxd8+ Bxd8 19. Bd5 Bb7 20. Rd1 Bxd5 21.
Rxd5 Be7 22. c4 b4 23. Nc2 Rd8 24. Ne3 Kg7 25. g3 h5 26. Kg2 Bg5 27. Qd3 Rxd5
28. Nxd5 Qa5 29. h4 Bd8 30. a3 bxa3 31. bxa3 Qe1 32. Ne3 Ba5 33. Nd5 Bd8 34.
Nc3 Ba5 35. Na4 Kh7 36. Qf3 Kg7 37. Nxc5 Bb6 38. Nd3 Qc3 39. Nb4 Qxc4 40. Nd5
Bd8 41. Qe3 1/2-1/2

[Event "9. Lichtenberger Sommer 2010"]
[Site "Berlin"]
[Date "2010.08.14"]
[Round "8.33"]
[White "Schilke, Michael"]
[Black "Wasem, Ralph"]
[Result "0-1"]
[WhiteElo "1954"]
[BlackElo "2106"]
[PlyCount "44"]
[EventDate "2010.??.??"]
[WhiteTeam "SV Berolina Mitte e.V."]
[BlackTeam "SK Landau"]

1. d4 d5 2. c4 e5 3. dxe5 d4 4. Nf3 Nc6 5. g3 Be6 6. Qa4 Qd7 7. Bg2 O-O-O 8.
O-O Bh3 9. Rd1 Bxg2 10. Kxg2 h5 11. Bg5 Be7 12. Bxe7 Ngxe7 13. h4 Kb8 14. Na3
Qg4 15. Nc2 Qe4 16. Kg1 d3 17. Ng5 Qxe2 18. Nb4 d2 19. Nd5 Nxd5 20. cxd5 Nxe5
21. Qd4 f6 22. Rxd2 fxg5 0-1

[Event "9. Lichtenberger Sommer 2010"]
[Site "Berlin"]
[Date "2010.08.14"]
[Round "8.34"]
[White "Lerch, Philipp"]
[Black "Keil, Uwe"]
[Result "0-1"]
[WhiteElo "1944"]
[BlackElo "2151"]
[PlyCount "40"]
[EventDate "2010.??.??"]
[WhiteTeam "SK König Tegel 1949 e.V."]
[BlackTeam "SC Friesen Lichtenberg e.V."]

1. e4 g6 2. d4 Bg7 3. Nc3 d6 4. f4 Nc6 5. Be3 Nf6 6. Nf3 O-O 7. h3 a6 8. a4 b6
9. Qd2 Bb7 10. Be2 Nb4 11. Bd3 c5 12. O-O Rc8 13. b3 Qc7 14. Rfe1 d5 15. e5 Ne4
16. Bxe4 dxe4 17. Ng5 Rfd8 18. d5 Nxd5 19. Ncxe4 h6 20. Nf3 Nb4 0-1

[Event "9. Lichtenberger Sommer 2010"]
[Site "Berlin"]
[Date "2010.08.14"]
[Round "8.35"]
[White "Heuser, Philip"]
[Black "Getzuhn, Detlef"]
[Result "1/2-1/2"]
[WhiteElo "2108"]
[BlackElo "1934"]
[PlyCount "68"]
[EventDate "2010.??.??"]
[WhiteTeam "SG Heidelberg-Kirchheim"]
[BlackTeam "SV Senat"]

1. d4 Nf6 2. c4 e6 3. Nc3 c5 4. Nf3 d5 5. cxd5 Nxd5 6. e4 cxd4 7. Nxd5 exd5 8.
Qxd4 Nc6 9. Qxd5 Qxd5 10. exd5 Nb4 11. Bb5+ Bd7 12. Bxd7+ Kxd7 13. Ne5+ Ke7 14.
O-O f6 15. Nc4 Nxd5 16. Rd1 Ke6 17. Re1+ Kf7 18. Rd1 Ke6 19. Ne3 Nb6 20. a4 a5
21. Bd2 Bd6 22. b3 Rhd8 23. Kf1 h5 24. Rac1 Rd7 25. Ke2 Bf4 26. Rc5 Bxe3 27.
Bxe3 Rxd1 28. Kxd1 Nd5 29. Ke2 Kd6 30. Rc2 Re8 31. Rd2 Kc6 32. Rc2+ Kd6 33. Rd2
Kc6 34. Rc2+ Kd6 1/2-1/2

[Event "9. Lichtenberger Sommer 2010"]
[Site "Berlin"]
[Date "2010.08.14"]
[Round "8.36"]
[White "Vollbrecht, Lars"]
[Black "Schulz, Stefanie"]
[Result "0-1"]
[WhiteElo "1881"]
[BlackElo "2083"]
[PlyCount "98"]
[EventDate "2010.??.??"]
[WhiteTeam "SF Siemensstadt"]
[BlackTeam "SK König Tegel 1949 e.V."]

1. e4 c5 2. Nf3 Nc6 3. d4 cxd4 4. Nxd4 g6 5. Nc3 Bg7 6. Be3 Nf6 7. Be2 O-O 8.
Qd2 d5 9. exd5 Nxd5 10. Nxd5 Qxd5 11. Bf3 Qa5 12. Nxc6 Qxd2+ 13. Bxd2 bxc6 14.
O-O-O Rb8 15. b3 Bf5 16. g4 Be6 17. Be3 a5 18. a4 Rfc8 19. Bc5 Bd5 20. Bxd5
cxd5 21. Bxe7 Rxb3 22. Rxd5 Rbc3 23. Rd8+ Rxd8 24. Bxd8 Ra3 25. Kd2 Rxa4 26. c3
Ra3 27. Rc1 f5 28. h3 fxg4 29. hxg4 h5 30. f3 a4 31. Kd3 Rb3 32. Kc4 Rb8 33.
Be7 Kf7 34. Bg5 a3 35. gxh5 gxh5 36. Be3 a2 37. Ra1 Rc8+ 38. Bc5 Bf8 39. Rxa2
Rxc5+ 40. Kd4 Rc7 41. c4 h4 42. Rh2 Be7 43. Re2 Rc8 44. Kd5 Rc5+ 45. Kd4 Rh5
46. Ke4 h3 47. Rh2 Bd8 48. Kf4 Bc7+ 49. Kg4 Bxh2 0-1

[Event "9. Lichtenberger Sommer 2010"]
[Site "Berlin"]
[Date "2010.08.14"]
[Round "8.37"]
[White "Brauer, Thilo"]
[Black "Guenther, Thomas"]
[Result "0-1"]
[WhiteElo "1830"]
[BlackElo "2096"]
[PlyCount "64"]
[EventDate "2010.??.??"]
[WhiteTeam "SC Friesen Lichtenberg e.V."]
[BlackTeam "SV Senat"]

1. c4 e5 2. Nc3 Nc6 3. g3 g6 4. Bg2 Bg7 5. d3 Nge7 6. Rb1 O-O 7. b4 Nf5 8. e3
d6 9. Nge2 Rb8 10. O-O Be6 11. b5 Na5 12. Qa4 b6 13. Nd5 Bd7 14. Nb4 Rc8 15.
Bd2 Ne7 16. Nd5 Nxd5 17. Bxd5 c6 18. Bg2 cxb5 19. cxb5 a6 20. Nc3 d5 21. Bxd5
Bxb5 22. Nxb5 Qxd5 23. Bxa5 bxa5 24. Na3 Qxd3 25. Rfd1 Qe2 26. Qb3 e4 27. Qd5
Rc3 28. Rd2 Qf3 29. Qxa5 Rfc8 30. Rbd1 Bf8 31. Nb1 Rc1 32. Qd5 R8c2 0-1

[Event "9. Lichtenberger Sommer 2010"]
[Site "Berlin"]
[Date "2010.08.14"]
[Round "8.38"]
[White "Kuhn, Christian"]
[Black "Hünerfauth, Uwe"]
[Result "1/2-1/2"]
[WhiteElo "2009"]
[BlackElo "2108"]
[PlyCount "26"]
[EventDate "2010.??.??"]
[WhiteTeam "TSV Amorbach 1863 e.V."]
[BlackTeam "SK Landau"]

1. c4 e6 2. g3 d5 3. Bg2 c6 4. d4 Nf6 5. Nf3 Nbd7 6. O-O Bd6 7. Qc2 O-O 8. Nbd2
Re8 9. e4 Nxe4 10. Nxe4 dxe4 11. Qxe4 e5 12. Be3 exd4 13. Qxd4 Bc5 1/2-1/2

[Event "9. Lichtenberger Sommer 2010"]
[Site "Berlin"]
[Date "2010.08.14"]
[Round "8.39"]
[White "Junge, Wolfgang"]
[Black "Poseck, Steffen"]
[Result "0-1"]
[WhiteElo "1745"]
[BlackElo "2064"]
[PlyCount "136"]
[EventDate "2010.??.??"]
[WhiteTeam "SC Friesen Lichtenberg e.V."]
[BlackTeam "BSV 63 Chemie Weißensee"]

1. d4 Nf6 2. c4 g6 3. Nc3 d5 4. cxd5 Nxd5 5. e4 Nxc3 6. bxc3 c5 7. Nf3 Bg7 8.
Be3 Qa5 9. Qd2 Nc6 10. h3 O-O 11. Rc1 cxd4 12. cxd4 Qxd2+ 13. Kxd2 Rd8 14. Kc3
a6 15. Bc4 Na5 16. Kb4 Nxc4 17. Rxc4 f5 18. exf5 Bxf5 19. Rc7 b6 20. Ne5 Bf8
21. Rhc1 Rac8 22. Rxc8 Rxc8 23. Rxc8 Bxc8 24. a4 e6+ 25. Kc4 Bd6 26. f3 Bb7 27.
Nd7 Bd5+ 28. Kc3 Bc7 29. Nf6+ Kh8 30. Nxd5 exd5 31. Bg5 Kg7 32. Be7 Kf7 33. Ba3
Kf6 34. Kd3 Bf4 35. Bb4 Bg3 36. Ba3 Kf5 37. Be7 h5 38. Bd8 b5 39. axb5 axb5 40.
Be7 Be1 41. Bd6 h4 42. Be7 g5 43. Bd6 Ba5 44. Kc2 Bb6 45. Kd3 Ba5 46. Kc2 Be1
47. Kd3 Ke6 48. Bc7 Bb4 49. Bd8 Kf5 50. Bc7 Be7 51. Kc3 Bf6 52. Kd3 b4 53. Bd6
b3 54. Ba3 Bd8 55. Kc3 Kf4 56. Bd6+ Ke3 57. Kxb3 Kf2 58. f4 Kxg2 59. fxg5 Bxg5
60. Kb4 Kxh3 61. Kc5 Kg2 62. Kxd5 h3 63. Ke4 Bh4 64. d5 Bg3 65. Bxg3 Kxg3 66.
d6 h2 67. d7 h1=Q+ 68. Ke5 Qh8+ 0-1

[Event "9. Lichtenberger Sommer 2010"]
[Site "Berlin"]
[Date "2010.08.14"]
[Round "8.40"]
[White "Kiesewetter, Peter"]
[Black "Müller, Peter"]
[Result "0-1"]
[WhiteElo "1887"]
[BlackElo "2013"]
[PlyCount "116"]
[EventDate "2010.??.??"]
[WhiteTeam "SC Schwarz-Weiß Lichtenrade e.V."]
[BlackTeam "SV Berolina Mitte e.V."]

1. Nf3 Nf6 2. d4 d5 3. Bf4 g6 4. h3 Bg7 5. e3 O-O 6. c4 c6 7. Nc3 Qa5 8. Qd2
Bf5 9. Be2 Nbd7 10. O-O Qd8 11. Rac1 Nb6 12. b3 h6 13. c5 Nbd7 14. b4 g5 15.
Bh2 Re8 16. b5 Qc8 17. bxc6 bxc6 18. Bd3 Ne4 19. Qe2 Ndxc5 20. Bxe4 dxe4 21.
dxc5 exf3 22. Qxf3 Qe6 23. e4 Bg6 24. e5 Rac8 25. Qe3 Bh5 26. g4 Bg6 27. f4 f5
28. fxg5 Kh7 29. Bf4 fxg4 30. gxh6 gxh3 31. hxg7 Kxg7 32. Qg3 Rh8 33. Kh2 Rcg8
34. Rc2 Kf7 35. Bh6+ Bf5 36. Qf4 Rxh6 37. Qxf5+ Qxf5 38. Rxf5+ Ke6 39. Rcf2
Rg2+ 40. Rxg2 Kxf5 41. Re2 Rh4 42. Nd1 Re4 43. Rxe4 Kxe4 44. Nc3+ Kxe5 45. Kxh3
Kd4 46. Na4 Kc4 47. Kg4 Kb4 48. Nb2 Kxc5 49. Kf5 a5 50. Ke6 Kd4 51. Kxe7 c5 52.
Kd6 c4 53. Na4 c3 54. Nxc3 Kxc3 55. Kc5 a4 56. Kb5 a3 57. Ka4 Kb2 58. Kb4 Kxa2
0-1

[Event "9. Lichtenberger Sommer 2010"]
[Site "Berlin"]
[Date "2010.08.14"]
[Round "8.41"]
[White "Solhdjou, Mohammed"]
[Black "Perestjuk, Marko"]
[Result "0-1"]
[WhiteElo "1961"]
[BlackElo "1918"]
[PlyCount "64"]
[EventDate "2010.??.??"]
[WhiteTeam "vereinslos"]
[BlackTeam "SC Zitadelle Spandau 1977 e.V."]

1. d4 d5 2. Nf3 e6 3. Bf4 Bd6 4. Bg3 f5 5. e3 Nf6 6. Nbd2 O-O 7. Bh4 Nbd7 8. c4
c6 9. Bd3 Qe8 10. cxd5 cxd5 11. Rc1 Ne4 12. Bb5 Qh5 13. Rxc8 Raxc8 14. Bxd7 Rc7
15. Bxe6+ Kh8 16. Bxd5 g5 17. g4 fxg4 18. Bxe4 gxf3 19. Bxg5 Qxg5 20. Nxf3 Qa5+
21. Ke2 Qb5+ 22. Qd3 Qxb2+ 23. Qd2 Qb5+ 24. Qd3 Qa5 25. Qb3 b6 26. Rg1 Rfc8 27.
Ng5 Qa6+ 28. Kf3 Rf8+ 29. Kg2 Qe2 30. Bf3 Rxf3 31. Rf1 Rxf2+ 32. Rxf2 Qg4+ 0-1

[Event "9. Lichtenberger Sommer 2010"]
[Site "Berlin"]
[Date "2010.08.14"]
[Round "8.42"]
[White "Weyers, Guido"]
[Black "Lang, Martin"]
[Result "0-1"]
[WhiteElo "1985"]
[BlackElo "1945"]
[PlyCount "129"]
[EventDate "2010.??.??"]
[WhiteTeam "SC Weisse Dame e.V."]
[BlackTeam "SC Zugzwang 95 e.V."]

1. c4 Nf6 2. g3 c5 3. Bg2 Nc6 4. Nc3 g6 5. e3 Bg7 6. Nge2 O-O 7. O-O d6 8. b3
Bg4 9. h3 Bd7 10. Bb2 Qc8 11. Kh2 e5 12. d4 Ne7 13. Rc1 Bc6 14. d5 Bd7 15. e4
Ne8 16. Rc2 f5 17. Bc1 Nf6 18. Qd3 fxe4 19. Nxe4 Nxe4 20. Bxe4 Bxh3 21. Bg2
Bxg2 22. Kxg2 Qf5 23. Qxf5 Rxf5 24. Nc3 Raf8 25. Ne4 Nc8 26. Rh1 h5 27. Be3 Rd8
28. a3 Bf8 29. b4 b6 30. bxc5 dxc5 31. Bg5 Be7 32. Bxe7 Nxe7 33. Rd2 Kg7 34.
Rhd1 Ng8 35. Nc3 Nf6 36. Nb5 Rd7 37. Nc3 h4 38. Re2 hxg3 39. fxg3 Rg5 40. Rde1
Rg4 41. Ne4 Nxe4 42. Rxe4 Rxe4 43. Rxe4 Kf6 44. Kf3 Rb7 45. Re1 a6 46. Ke4 b5
47. Rf1+ Ke7 48. Kxe5 bxc4 49. d6+ Ke8 50. Ke6 c3 51. Rh1 Kf8 52. Rh8+ Kg7 53.
Rc8 Rb1 54. Rxc5 Re1+ 55. Kd7 Re3 56. g4 Kf6 57. g5+ Kf7 58. Rc7 Rd3 59. Kc8+
Ke6 60. d7 Ke5 61. d8=Q Rxd8+ 62. Kxd8 Kd4 63. Ke7 Kd3 64. Kf6 c2 65. Kxg6 0-1

[Event "9. Lichtenberger Sommer 2010"]
[Site "Berlin"]
[Date "2010.08.14"]
[Round "8.43"]
[White "Roth, Joachim"]
[Black "Kirchhof, Arno"]
[Result "0-1"]
[WhiteElo "1895"]
[BlackElo "2048"]
[PlyCount "146"]
[EventDate "2010.??.??"]
[WhiteTeam "SG Bund"]
[BlackTeam "SC Zugzwang 95 e.V."]

1. d4 Nf6 2. Nf3 e6 3. e3 b6 4. Bd3 Bb7 5. Nbd2 c5 6. c3 Nc6 7. O-O Be7 8. e4
cxd4 9. cxd4 Nb4 10. Bb1 Ba6 11. Re1 Nd3 12. Bxd3 Bxd3 13. d5 Qc8 14. d6 Bd8
15. e5 Nd5 16. Nd4 f6 17. N2f3 Bg6 18. Bd2 O-O 19. Qb3 Bh5 20. Rac1 Qb7 21. a4
a6 22. h3 fxe5 23. Nxe5 Bf6 24. Ndf3 Rac8 25. Rxc8 Rxc8 26. g4 Be8 27. Qd3 b5
28. axb5 axb5 29. Nd4 b4 30. Ndf3 Qb8 31. Nc4 Bg6 32. Qb3 Nb6 33. Nce5 Bxe5 34.
Nxe5 Qxd6 35. Bxb4 Qd5 36. Qxd5 Nxd5 37. Nxg6 hxg6 38. Ba3 Nf4 39. Kh2 Rc2 40.
Kg3 Nd5 41. Rd1 Kf7 42. Rd3 Kf6 43. Rf3+ Ke5 44. Rf7 Nf6 45. f3 d5 46. Rxg7 d4
47. Rxg6 Nd5 48. Bf8 d3 49. Bh6 d2 50. Bxd2 Rxd2 51. b3 Rb2 52. Rg5+ Kf6 53.
Rg8 Rxb3 54. h4 e5 55. Rd8 Ke6 56. Re8+ Ne7 57. Kf2 Kf7 58. Rh8 Ng6 59. Rh5 Kf6
60. Rf5+ Ke6 61. h5 Nh4 62. Rf8 Ke7 63. Ra8 Rxf3+ 64. Ke2 Rg3 65. Rg8 Kf7 66.
Rg5 e4 67. h6 Ng6 68. Rf5+ Ke6 69. Rg5 Nf4+ 70. Kf2 Rf3+ 71. Ke1 Rh3 72. Ra5 e3
73. Kd1 e2+ 0-1

[Event "9. Lichtenberger Sommer 2010"]
[Site "Berlin"]
[Date "2010.08.14"]
[Round "8.44"]
[White "Schüler, Wolfgang"]
[Black "Hertwig, Christopher"]
[Result "0-1"]
[WhiteElo "1982"]
[BlackElo "2086"]
[PlyCount "80"]
[EventDate "2010.??.??"]
[WhiteTeam "SC Friesen Lichtenberg e.V."]
[BlackTeam "SK König Tegel 1949 e.V."]

1. e4 Nf6 2. e5 Nd5 3. d4 d6 4. c4 Nb6 5. exd6 exd6 6. Nf3 Be7 7. b3 O-O 8. Be3
Bf6 9. Nc3 Re8 10. Be2 Bf5 11. O-O Nc6 12. Rc1 d5 13. c5 Nc8 14. h3 Bg6 15. Bd3
Be4 16. Ne5 Bxd3 17. Nxc6 Qd7 18. Qxd3 bxc6 19. f3 Ne7 20. Rfe1 Nf5 21. Bf2 g6
22. Kf1 Re6 23. Rxe6 fxe6 24. f4 Qg7 25. Ne2 g5 26. g4 Ne7 27. Rd1 Rf8 28. Kg2
Ng6 29. f5 exf5 30. Qxf5 Qe7 31. Qd3 Re8 32. Kf1 Qf7 33. Qf5 Re4 34. Rd3 Nf4
35. Nxf4 Rxf4 36. Qc8+ Kg7 37. Kg2 h5 38. gxh5 Qxh5 39. Qxc7+ Kh6 40. Qxc6 Qe2
0-1

[Event "9. Lichtenberger Sommer 2010"]
[Site "Berlin"]
[Date "2010.08.14"]
[Round "8.45"]
[White "Krefenstein, Sergej"]
[Black "Hantusch, Ralf"]
[Result "1-0"]
[WhiteElo "2045"]
[BlackElo "1867"]
[PlyCount "133"]
[EventDate "2010.??.??"]
[WhiteTeam "vereinslos"]
[BlackTeam "SV Bau-Union e.V."]

1. e4 e6 2. d4 d5 3. Nd2 Nf6 4. e5 Nfd7 5. Bd3 c5 6. c3 Nc6 7. Ne2 cxd4 8. cxd4
f6 9. exf6 Nxf6 10. Nf3 Bd6 11. O-O O-O 12. Bg5 Qc7 13. Nc3 a6 14. Bh4 Bd7 15.
Bg3 Bxg3 16. hxg3 Rae8 17. Rc1 Qd6 18. Qd2 e5 19. dxe5 Nxe5 20. Be2 Bc6 21.
Nxe5 Rxe5 22. Bf3 d4 23. Rcd1 Rd8 24. Ne2 Bb5 25. Rfe1 Bxe2 26. Rxe2 Rxe2 27.
Qxe2 b5 28. Rc1 d3 29. Qd2 Qd4 30. Qc3 Qxc3 31. Rxc3 b4 32. Rc1 Nd7 33. Bd5+
Kf8 34. Rd1 Nc5 35. Bc4 Rd4 36. b3 Ke7 37. f3 a5 38. Kf2 a4 39. Ke3 Rd6 40.
bxa4 Nxa4 41. Rxd3 Rg6 42. Kf2 Rb6 43. Re3+ Kf6 44. f4 Nc3 45. Kf3 Rc6 46. Bb3
Ra6 47. g4 h6 48. Re8 Nxa2 49. Rf8+ Ke7 50. Rf7+ Ke8 51. Bxa2 Rxa2 52. Rxg7
Ra3+ 53. Ke4 Rg3 54. Kf5 Rxg2 55. Rb7 Rb2 56. Rb6 b3 57. Rxh6 Rc2 58. Rb6 b2
59. Kg5 Kd8 60. f5 Kc7 61. Rb3 Kc6 62. Kg6 Kd5 63. f6 Kc4 64. Rb8 Rf2 65. f7
Kc3 66. g5 Kc2 67. Kg7 1-0

[Event "9. Lichtenberger Sommer 2010"]
[Site "Berlin"]
[Date "2010.08.14"]
[Round "8.46"]
[White "Richter, Götz"]
[Black "Mehringer, Jörg"]
[Result "1-0"]
[WhiteElo "2072"]
[BlackElo "1894"]
[PlyCount "67"]
[EventDate "2010.??.??"]
[WhiteTeam "Klub Kölner Schachfreunde e.V. 1"]
[BlackTeam "SC Weisse Dame e.V."]

1. e4 e5 2. Nf3 Nc6 3. d4 exd4 4. Nxd4 Bc5 5. Nxc6 bxc6 6. Bd3 Ne7 7. O-O O-O
8. Bg5 f6 9. Bh4 d6 10. Bc4+ Kh8 11. Nc3 a5 12. Kh1 Ng6 13. Bg3 f5 14. exf5
Bxf5 15. Na4 Ba7 16. Qd2 Qf6 17. Rfe1 Bd4 18. c3 Be5 19. f4 Bxf4 20. Bxf4 Qh4
21. g3 Qh5 22. Bf1 Nxf4 23. gxf4 Rf6 24. Bg2 Bd7 25. Re7 Rh6 26. Be4 Rd8 27.
Qg2 g6 28. Re1 Qh4 29. Bf3 Qxf4 30. b3 Bh3 31. Qg3 Qf6 32. Bxc6 Bf5 33. Bg2 Rh5
34. c4 1-0

[Event "9. Lichtenberger Sommer 2010"]
[Site "Berlin"]
[Date "2010.08.14"]
[Round "8.47"]
[White "Kühnemund, Lutz"]
[Black "Kapp, Frank"]
[Result "1/2-1/2"]
[WhiteElo "2131"]
[BlackElo "1881"]
[PlyCount "41"]
[EventDate "2010.??.??"]
[WhiteTeam "SC Friesen Lichtenberg e.V."]
[BlackTeam "TSV IFA Chemnitz"]

1. b4 e6 2. Bb2 d5 3. e3 Nf6 4. b5 c5 5. c4 b6 6. Nf3 Bb7 7. Be2 Nbd7 8. O-O
Bd6 9. h3 O-O 10. a4 Qc7 11. Na3 Ne5 12. Rc1 Rad8 13. d4 Nxc4 14. Nxc4 dxc4 15.
Rxc4 Bd5 16. Rc1 Qe7 17. Nd2 Rd7 18. Bd3 cxd4 19. exd4 Rc7 20. Qe2 Rfc8 21. Bb1
1/2-1/2